000 00888nam a2200265 a 4500
001 57353
003 BD-RjUL
005 20211209080511.0
008 161208s1964 cau b 000 0 eng
035 _a(BD-RjUL)57477
040 _aDLC
_cODaWU
_dBD-RjUL
_beng
041 _aeng
082 _a658.403
_223
_bFEC 1964
100 1 _aFestinger, Leon,
_d1919-1989.
_9170349
245 1 0 _aConflict, decision, and dissonance.
_cLeon Festinger, With the collaboration of Vernon Allen ... [et al.]
260 _aStanford, Calif.,
_bStanford University Press,
_c1964.
300 _avii, 163 p.
_c23 cm.
504 _aBibliography: p. [159]-160.
650 0 _aDecision-making.
_9170351
650 0 _aCognitive dissonance.
_9170352
700 _aAllen, Vernon
_9170353
830 _aStanford studies in psychology
_9170354
942 _2ddc
_cBK
999 _c57353
_d57353